Crepúsculo de los ídolos o cómo se filosofa con el martillo
Gespeichert in:
| Format: | Buch |
|---|---|
| Sprache: | Spanisch |
| Veröffentlicht: |
Madrid
Alianza
1973
|
| Schriftenreihe: | Colección El Libro de Bolsillo Alianza
|
| Schlagworte: | |
| Tags: |
Tag hinzufügen
Keine Tags, Fügen Sie den ersten Tag hinzu!
|
MARC
| LEADER | 00000nam a2200000 a 4500 | ||
|---|---|---|---|
| 001 | UCP1685 | ||
| 003 | CL-VaPUC | ||
| 008 | 990426e19730000SP |||||||||||||||||spa|d | ||
| 082 | 0 | 4 | |a 193 |b NIE |2 21 |
| 245 | 1 | 0 | |a Crepúsculo de los ídolos o cómo se filosofa con el martillo |
| 300 | |a 173 p | ||
| 942 | |c BK | ||
| 945 | |d 19990426 00:00:00 |a rbrito | ||
| 260 | |a Madrid |b Alianza |c 1973 | ||
| 650 | 0 | |a Filosofía alemana |9 265002 | |
| 583 | |a last modification |c 19990426 00:00:00 |k Rodrigo Vera | ||
| 490 | 0 | |a Colección El Libro de Bolsillo Alianza | |
| 999 | |c 280342 |d 280340 | ||
| 952 | |0 0 |1 0 |4 0 |6 193_000000000000000_NIE_1973 |7 0 |8 A |9 320594 |a BIBART |b BIBART |d 2019-11-20 |i 3519066 |l 6 |o 193 NIE 1973 |p 3519066 |r 2025-03-13 |s 2022-11-10 |w 2019-11-20 |y BK |k ART | ||